Journal of Language and Cultural Education
Enregistré dans:
| Format: | Publication en série |
|---|---|
| Langue: | anglais |
| Publié: |
Nitra
SlovakEdu
|
| Tags: |
Pas de tags, Soyez le premier à ajouter un tag!
|
MARC
| LEADER | 00000nas1a2200000 4500 | ||
|---|---|---|---|
| 001 | 0249539 | ||
| 005 | 20250627104225.9 | ||
| 022 | |a 1339-4584 | ||
| 022 | |a 1339-4045 | ||
| 041 | 0 | |a eng | |
| 044 | |a SK | ||
| 245 | 1 | 0 | |a Journal of Language and Cultural Education |
| 264 | 1 | |a Nitra |b SlovakEdu | |